书目信息 |
| 题名: |
开国财头陈云
|
|
| 作者: | 曹应旺 著 | |
| 分册: | ||
| 出版信息: | 上海 上海人民出版社 2005.06 |
|
| 页数: | 294页 | |
| 开本: | 23cm | |
| 丛书名: | ||
| 单 册: | ||
| 中图分类: | K827.7 | |
| 科图分类: | ||
| 主题词: | 政治家--zheng zhi jia--生平事迹--中国--现代 | |
| 电子资源: | ||
| ISBN: | 7-208-05641-2 | |
| 000 | 00948nam0 2200241 450 | |
| 001 | 012006660156 | |
| 005 | 20060403110208.10 | |
| 010 | @a7-208-05641-2@dCNY28.00 | |
| 100 | @a20060403d2005 km y0chiy0120 ea | |
| 101 | 0 | @achi |
| 102 | @aCN@b310000 | |
| 105 | @aac a 000yd | |
| 200 | 1 | @a开国财头陈云@Akai guo cai tou chen yun@f曹应旺著@Fcao ying wang zhu |
| 210 | @a上海@c上海人民出版社@d2005.06 | |
| 215 | @a294页@c图, 肖像@d23cm | |
| 320 | @a有书目 (第291-292页)。 | |
| 330 | @a2005年,陈云诞辰百年。本书属我社为纪念他百年诞辰重点推出的图书。全书分“溯源”、“智慧”、“业绩”、“详说”等四个部分来阐述和展示陈云之生平,重点是突出他统领全国财经工作的卓越才能和所取得的丰功伟绩,读来令人感佩和受益。 | |
| 600 | 0 | @a陈云,@Achen yun,@f1905-1995@x生平事迹 |
| 606 | 0 | @a政治家@Azheng zhi jia@x生平事迹@y中国@z现代 |
| 690 | @aK827.7@v4 | |
| 701 | 0 | @a曹应旺@Acao ying wang@4著 |
| 801 | 0 | @aCN@bQSSK@c20060403 |
| 905 | @a10447@dK827.7@eC167 | |
| 开国财头陈云/曹应旺著.-上海:上海人民出版社,2005.06 |
| 294页:图, 肖像;23cm |
| ISBN 7-208-05641-2:CNY28.00 |
| 2005年,陈云诞辰百年。本书属我社为纪念他百年诞辰重点推出的图书。全书分“溯源”、“智慧”、“业绩”、“详说”等四个部分来阐述和展示陈云之生平,重点是突出他统领全国财经工作的卓越才能和所取得的丰功伟绩,读来令人感佩和受益。 |
| ● |
| 相关链接 |
|
|
|
正题名:开国财头陈云
索取号:K827.7/C167
 
预约/预借
| 序号 | 登录号 | 条形码 | 馆藏地/架位号 | 状态 | 备注 |
| 1 | 557168 | 205571683 | 社科库309/309社科库 59排5列4层/ [索取号:K827.7/C167] | 在馆 | |
| 2 | 557169 | 205571692 | 社科库309/309社科库 59排5列4层/ [索取号:K827.7/C167] | 在馆 | |
| 3 | 557170 | 205571709 | 社科库309/309社科库 59排5列4层/ [索取号:K827.7/C167] | 在馆 |